• 首页
  • 本馆介绍
  • 公告通知
  • 最新文献
  • 馆藏检索
  • 电子资源
  • 读者导购
  • 参考咨询
  • 我的图书馆
  • 登录
  • 详细信息显示
  • 放入我的书架
  • 预约/预借图书
  • 作者相关作品
  • 分类相关作品
  • 丛书相关作品
  • 出版社相关作品

书目信息

  • 表格格式
  • 工作单格式
  • 卡片格式
题名:
舞性思维初探
    
 
作者: 何群 著
分册:  
出版信息: 北京   中国书籍出版社  2013
页数: 288页
开本: 24cm
丛书名:
单 册:
中图分类: J704
科图分类:
主题词: 舞蹈艺术--艺术创作--创造性思维--研究
电子资源:
ISBN: 978-7-5068-3425-4
000 00814nam0 2200241 450
001 339370
005 20150608150141.39
010    @a978-7-5068-3425-4@dCNY55.00
100    @a20130830d2013 em y0chiy50 ea
101 0  @achi
102    @aCN@b110000
105    @aa z 000yy
106    @ar
200 1  @a舞性思维初探@Awu xing si wei chu tan@f何群著
210    @a北京@c中国书籍出版社@d2013
215    @a288页@c图@d24cm
300    @a高校人文学术成果文库
330    @a本书共分十三章, 内容包括: 舞性思维辩证法、思维的脑神经生理机能、舞蹈动觉、舞蹈动作与创作动机、舞性思维、舞性思维指向、舞蹈创作思维、舞性思维训练、律动创作中的舞性思维等。
606 0  @a舞蹈艺术@x艺术创作@x创造性思维@x研究
690    @aJ704@v5
701  0 @a何群@Ahe qun@c(舞蹈)@4著
801  0 @aCN@b卓展宏图@c20150525
905    @dJ704@e137@f4
    
    舞性思维初探/何群著.-北京:中国书籍出版社,2013
    288页:图;24cm
    高校人文学术成果文库
    
    ISBN 978-7-5068-3425-4:CNY55.00
    本书共分十三章, 内容包括: 舞性思维辩证法、思维的脑神经生理机能、舞蹈动觉、舞蹈动作与创作动机、舞性思维、舞性思维指向、舞蹈创作思维、舞性思维训练、律动创作中的舞性思维等。
●
相关链接 在E读中查询图书 在五车中查询图书 在当当中查询图书 在豆瓣中查询图书


正题名:舞性思维初探     索取号:J704/137         预约/预借

序号 登录号 条形码 馆藏地/架位号 状态 备注
1 857941   208579411   第一样本阅览室/ [索取号:J704/137] 在馆    
2 857942   208579420   第一借阅区/ [索取号:J704/137] 在馆    
3 857943   208579439   密集书库-音乐系/ [索取号:J704/137] 在馆    
4 857944   208579448   第一借阅区/ [索取号:J704/137] 在馆    
唐山师范学院图书馆 欢迎您!
大连网信软件有限公司© 版权所有